Nations which have lost a FIFA World Cup penalty shoot-out - Statistics

General Stats
  • This quiz has been taken 26 times
  • The average score is 16 of 20
Answer Stats
Lost Won Answer % Correct
1 4 Argentina
96%
3 1 Italy
96%
1 0 Yugoslavia
96%
1 3 Brazil
91%
1 0 Colombia
91%
3 1 England
91%
2 2 France
91%
2 1 Netherlands
91%
1 1 Russia
91%
2 1 Spain
91%
2 0 Mexico
87%
1 0 Greece
83%
1 0 Ghana
78%
1 0 Switzerland
78%
1 0 Chile
74%
1 0 Japan
74%
1 0 Denmark
70%
1 1 Ireland
61%
2 0 Romania
57%
1 1 Costa Rica
52%
No matching quizzes found
Score Distribution
Percent of People with Each Score
Percentile by Number Answered
Your Score History
You have not taken this quiz